MDQL
is popping MORE tags! Check the
thread
!
Quizzes
Events
Quiz Creation
Community
Videos
Private Events
Remove Ads
Sign In
Join for FREE
Feedback
Dark Mode
Quiz Categories
Sports
Geography
Music
Movies
Television
Just For Fun
Miscellaneous
History
Literature
Language
Science
Gaming
Entertainment
Religion
Holiday
For Kids
Quiz Lab
Recent
Popular Today
Quiz Kudos Today
Editor Picks
Curator Picks
Quizzes by...
Day
Popularity
Type
Ratings
Length
Year
Community
Subscriptions
Recent Discussions
Orange Saloon
Badges
Playlists
Quests
Create
Leaderboards
Showdown
Live 5
Trivia Bingo
Activity
Puzzle Library
Sporcle Events
Private Events
Virtual Trivia
Globe League
Become a Host
Pub Owners
SporcleCon
Opinionation
Our Games
Videos
Blog
Mobile Apps
Partnerships
Remove Ads and Go Orange
Feedback
Television
TV Characters
TV Show
Sitcom
Network
Friends
Reality Shows
Cast
South Park
Star Trek
The Simpsons
Doctor Who
Television
TV Characters
TV Show
Sitcom
Network
Friends
Reality Shows
Cast
South Park
Star Trek
The Simpsons
Doctor Who
Random Quiz
Search Sporcle
×
Quiz Lab
Quiz Lab
Television
Clickable
Select answers by clicking on text or image buttons
Select answers by clicking on text or image buttons
Clickable
Best Score? Go Orange.
Naruto characters clickable Stats
Can you match the naruto characters clickable?
By
akamaru1231
7m
37 Questions
4,213 Plays
4,213 Plays
4,213 Plays
Comments
Comments
Give Quiz Kudos
Give Quiz Kudos
-
- Ratings
hide this ad
Random Order
Randomize order of answers
Randomize order of answers
Replay
Link that replays current quiz
Next Quiz
Link to next quiz in quiz playlist
You Got
0%
They Got
Avg Score
88%
Avg Friend Score
Upgrade to see
Score Distribution
Jump to the score distribution portion of the page
Score
0/37
Timer
07:00
0
Plays Today
% Correct
cousins with neji
92.9%
main character
92.8%
uses sand
92.8%
eats chips a lot
92.6%
i love sasuke
92.5%
his owner is kiba
92.5%
copies might guy
92.1%
uses snakes
92%
uses a dog
92%
grandson of the 3rd hokage
92%
5th hokage
91.8%
i also love sasuke
91.3%
pervy sage also uses a giant frog
91.1%
4th hokage
91%
orochimaru's right hand man
91%
bug boy
90.9%
looks like a shark
90.6%
uses a giant fan
90.6%
wears green jumpsuit
90.4%
% Correct
what a drag
89.9%
specializes in weapons
89.8%
itachi spared him
89.2%
art is a blast!
89%
grandmother of sasori
89%
i love asuma
89%
uses a puppet named crow
88.4%
granson of granny chiyo
88.2%
lightning blade
87.7%
ninja dog
86.8%
son of the 3rd hokage
86.8%
master of genjutsu
85.9%
shoots of his hands also loves $$$$$$$
83.9%
uses seyth also emortal
83.5%
tought by orochimaru
82%
uses sound
81.1%
caged bird
79.3%
uses wind
77.1%
Quiz Playlist
Details
Report
Send in Message
Add To Playlist
Clickable:
Select answers by clicking on text or image buttons
Random Order:
Randomize order of answers
Last Updated: Apr 5, 2017
Quiz Scoreboard
CHALLENGE
Sign Up to Join the Scoreboard
Show All
Scores
Hide
Comments
May contain spoilers
Recently Published
Two Season TV Shows II
by 123Four
Television
10m
Image Sorting: Flags VI
by Barbecue
Geography
2m
Find the 'City' Movie
by crazypaving
Movies
60s
More to Explore
Quiz From the Vault
Featured Blog Post
14 Easter Pick-up Lines to Find Eggs With
hide this ad
You Might Also Like...
Tags
Clickable Quiz
Character
Naruto
Today's Top Quizzes in Television
Browse Television
hide this ad
Today's Top Quizzes in Clickable
Browse Clickable
Top Contributed Quizzes in Television
1
Survivor Journey Challenge
2
Brooklyn Nine Nine Logic Puzzle (How-To-Play)
3
Adjectives in 00s TV Shows
4
Total Drama Characters
5
Survivor Logic Puzzle: Heroes vs. Villains
6
Phoebe Buffay Quotes
7
Survivor Heroes vs. Villains Logic Puzzle
8
Survivor Trivia
9
Emmerdale Characters (from August 2012)
10
Adjectives in 10s TV Shows
Explore More
Trending Topics
Disney
NBA
Marvel
Anime
Harry Potter
Crossword
Kpop
Song
WWE
NFL
The Office
Pokémon
Country
Soccer
Puzzle
hide this ad
More By:
akamaru1231
Quiz
Plays
Rating
Category
Featured
Created
naruto characters clickable
4,213
2.25
Television
Jan 9, 2013
naruto characters
453
1.60
Television
Jan 11, 2013
main naruto characters
373
3.00
Television
Jan 8, 2013
naruto character quiz
301
2.75
Television
Jan 10, 2013
all naruto characters
282
2.00
Television
Jan 9, 2013
Go to Creator's Profile
Score Distribution
Quiz Creator Spotlight
akamaru1231
Follow
Send a Message
Quizzes Created
-
Created Quiz Play Count
-
More By This Creator
Popular Quizzes Today
1
Colored Red Africa Blitz
2
Find the US States - No Outlines Minefield
3
Find the 'City' Movie
4
5x2 Blitz: Bands
5
The Countries of the World
6
Find the US States
7
Find the Countries of Europe - No Outlines Minefield
8
US States
More Television Quizzes
Cartoon by Halloween Episode
Published
Trending Quizzes
Colored Red Europe Blitz I
Colored Red Africa Blitz II
Colored Red Europe Blitz II
Colored Red Africa Blitz III
Colored Red Europe Blitz III
Recently Updated
How Do You Spell That?
pecheneg
Godzilla Movies
pecheneg
Grab Bag: 4-10 Letters
pecheneg
2024 March Madness Bracket
pecheneg
Famous TV Couples
Peacemaker
Champions League XIs: Real Madrid
pecheneg
Largest US Cities 1790-2010
pecheneg
Rides in Walt Disney World
pecheneg
Most Oscar Losses (Acting)
pecheneg
Beyoncé Albums
pecheneg
Trending Topics
NBA
Marvel
Kpop
Harry Potter
Disney
Anime
Crossword
Puzzle
The Office
Pokémon
WWE
Soccer
NFL
Song
Country
Your Account Isn't Verified!
In order to create a playlist on Sporcle, you need to verify the email address you used during registration. Go to your
Sporcle Settings
to finish the process.
Report this User
Report this user for behavior that violates our
Community Guidelines
.
Details:
Send Report
Go to the Sporcle.com Mobile Site →
Comments